Películas referenciadas en Los Simpson #4 - Estadísticas

Estadísticas generales
  • Esta prueba ha sido intentada 29 veces
  • La puntuación promedio es 7 de 20
Estadísticas de respuestas
Imagen Respuesta % Correcto
Drácula, de Bram Stoker
81%
Mary Poppins
81%
Willy Wonka y la fábrica de chocolate
81%
Cantando bajo la lluvia
73%
Ratatouille
65%
Pesadilla en Elm Street
58%
Liberen a Willy
54%
Los pájaros
31%
Ben-Hur
27%
Rescatando al soldado Ryan
27%
Apocalypse Now
23%
El fantasma de la ópera (1943)
23%
Big: quisiera ser grande
19%
El fugitivo
19%
Los infiltrados (2006)
19%
Dr. Insólito o: cómo aprendí a dejar de preocuparme y amar la bomba
15%
Sueño de fuga
12%
Buenos muchachos
4%
De aquí a la eternidad
4%
Trainspotting
4%
No se encontraron pruebas coincidentes
Distribución de puntuación
Porcentaje de gente con cada puntuación
Porcentaje por número respondido
Historial de tus puntuaciones
No has intentado esta prueba.